Erfolgreichste DS-Spiele nach Hauptschurken - Statistiken

Allgemein
  • Dieses Quiz wurde 11 mal gespielt
  • Das Durchschnittsergebnis liegt bei 7 aus 16
Antwortstatistiken
Bildquiz Antwort % Korrekt
New Super Mario Bros. / Super Mario 64 DS / Mario Party DS
100%
LEGO Star Wars: Die komplette Saga
73%
Pokémon Diamant-Edition / Pokémon Perl-Edition / Pokémon Platin-Edition
73%
Pokémon HeartGold / Pokémon SoulSilver
73%
Pokémon Schwarze Edition / Pokémon Weiße Edition / Pokémon Schwarze Edition 2 / Pokémon Weiße Edition 2
73%
Mario Kart DS
55%
Mario & Luigi: Abenteuer Bowser
45%
Pokémon Mystery Dungeon: Erkundungsteam Zeit / Pokémon Mystery Dungeon: Erkundungsteam Dunkelheit
36%
Yoshi's Island DS
36%
Dragon Quest IX: Hüter des Himmels
27%
Pokémon Mystery Dungeon: Team Blau
27%
Professor Layton und die Schatulle der Pandora
27%
The Legend of Zelda: Phantom Hourglass
27%
Kirby Super Star Ultra
18%
Professor Layton und das geheimnisvolle Dorf
18%
Professor Layton und die verlorene Zukunft
18%
Keine übereinstimmenden Quizze gefunden
Verteilung der Resultate
Anzahl Personen mit jedem Resultat
Perzentil nach korrekt beantworteten Fragen
Ihre Resultats-Entwicklung
Sie haben dieses Quiz noch nicht gespielt